|
|
|
|
| LEADER |
01526nam a22003132a 4500 |
| 001 |
000778157 |
| 003 |
CZ BrMZK |
| 005 |
20100727070306.0 |
| 007 |
ta |
| 008 |
050609s1960 xr er|||||||||||cze d |
| 040 |
|
|
|a BOA001
|b cze
|
| 041 |
1 |
|
|a cze
|h rus
|
| 100 |
1 |
|
|a Plechanov, Georgij Valentinovič,
|d 1856-1918
|7 jn19990210496
|4 aut
|
| 245 |
1 |
0 |
|a Vybrané filosofické spisy.
|n [Sv.] 2 /
|c Georgij Valentinovič Plechanov ; z ruských originálů přeložil B. Franěk ... [et al.]
|
| 250 |
|
|
|a 1. vyd.
|
| 260 |
|
|
|a V Praze :
|b Státní nakladatelství politické literatury,
|c 1960
|
| 300 |
|
|
|a 757 s.
|
| 490 |
1 |
|
|a Filosofická knihovna
|
| 765 |
0 |
|
|t Izbrannyje filosofskije proizvedenija
|9 Česky
|
| 830 |
|
0 |
|a Filosofická knihovna (Státní nakladatelství politické literatury)
|0 s
|
| 910 |
|
|
|a BOA001
|b PK-0021.308,2
|b 2-0415.647,2
|
| 920 |
|
|
|a 000353060
|
| 990 |
|
|
|a BK
|
| 996 |
7 |
|
|b 2619204985
|c 2-0415.647,2
|l MZK
|r Sklad / do 24 hodin
|n 0
|w 000778157
|u 000060
|a 1
|e BOA001
|j MZK50
|s A
|
| 996 |
7 |
|
|b 2619330411
|c 2-0415.647,2
|l MZK
|r Sklad / do 24 hodin
|n 0
|w 000778157
|u 000070
|a 1
|e BOA001
|j MZK50
|s A
|
| 996 |
6 |
|
|b 2619330412
|c 2-0415.647,2
|l MZK
|r Sklad / do 24 hodin
|n 1
|w 000778157
|u 000050
|a 1
|e BOA001
|j MZK50
|s P
|
| 996 |
7 |
|
|b 2619693362
|c 2-0415.647,2
|l MZK
|r Sklad / do 24 hodin
|n 0
|w 000778157
|u 000040
|a 1
|e BOA001
|j MZK50
|s A
|
| 996 |
7 |
|
|b 3119652478
|c PK-0021.308,2
|l MZK
|r Sklad / do 1 hodiny
|n 2
|w 000778157
|u 000010
|a 1
|e BOA001
|j MZK50
|s A
|
| 996 |
7 |
|
|b 3119922375
|c PK-0021.308,2
|l MZK
|r Sklad / do 1 hodiny
|n 0
|w 000778157
|u 000020
|a 1
|e BOA001
|j MZK50
|s A
|